[Event "Titled Tuesday intern op 11th Mar Late"]
[Site "Chess.com INT"]
[Date "2025.03.11"]
[Round "1"]
[White "Eret, Matous"]
[Black "Firouzja, Alireza"]
[Result "0-1"]
[WhiteElo "2321"]
[BlackElo "2757"]
[PlyCount "80"]
[EventDate "2025.03.11"]
[EventType "swiss (blitz)"]
[EventRounds "11"]
[EventCountry "USA"]
[SourceTitle "CB12_2025"]
[SourceDate "2025.03.19"]
[SourceVersion "1"]
[SourceVersionDate "2025.03.19"]
[SourceQuality "1"]

1. b3 c6 2. Bb2 d5 3. e3 Bf5 4. Be2 e6 5. f4 Nf6 6. Nf3 h6 7. 0-0 Nbd7 8. d3 Bc5 9. Nd4 Bh7 10. Nd2 0-0 11. h3 a5 12. a4 e5 13. fxe5 Nxe5 14. Qe1 Re8 15. Qg3 Bd6 16. Qf2 Ned7 17. e4 dxe4 18. dxe4 Bc5 19. Rad1 Ne5 20. Bf3 Qb6 21. Nb1 Rad8 22. c3 Bxe4 23. Bxe4 Nxe4 24. Qf4 Qxb3 25. Qxe4 Qxb2 26. Kh1 Bxd4 27. cxd4 Nc4 28. Qf5 Ne3 29. Qxf7+ Kh8 30. Rd2 Qb4 31. Re1 Rf8 32. Qe6 Rde8 33. Qg6 Re7 34. Rde2 Nd5 35. Rxe7 Nxe7 36. Qe4 Nd5 37. Qe5 Qb2 38. Qg3 Qxd4 39. Na3 Qxa4 40. Kh2 Qf4 0-1

[Event "Prague op"]
[Site "Prague"]
[Date "2025.03.01"]
[Round "3"]
[White "Haring, Filip"]
[Black "Eret, Matous"]
[Result "1-0"]
[WhiteElo "2470"]
[BlackElo "2304"]
[PlyCount "89"]
[EventDate "2025.02.27"]
[EventType "swiss"]
[EventRounds "9"]
[EventCountry "CZE"]
[SourceTitle "CB11_2025"]
[SourceDate "2025.03.12"]
[SourceVersion "1"]
[SourceVersionDate "2025.03.12"]
[SourceQuality "1"]

1. Nf3 Nf6 2. c4 d6 3. d4 Nbd7 4. Nc3 e5 5. e4 c6 6. Be2 Be7 7. 0-0 0-0 8. Be3 a6 9. d5 cxd5 10. cxd5 b5 11. Nd2 Bb7 12. b4 Rc8 13. Qb3 Nb6 14. a4 Nc4 15. Nxc4 bxc4 16. Qc2 Nd7 17. Bg4 g6 18. Bh6 Re8 19. a5 Rc7 20. h3 Bg5 21. Bxg5 Qxg5 22. b5 Nc5 23. b6 Rce7 24. Ra3 Nb3 25. Be2 Rc8 26. Bxc4 Nd2 27. f4 exf4 28. Qxd2 Rxc4 29. Qxf4 Qxf4 30. Rxf4 f5 31. Kf2 Kg7 32. Ke3 Re8 33. g3 Re5 34. Kd3 Rc5 35. Ra4 h5 36. h4 Kf7 37. exf5 gxf5 38. Rac4 Ke7 39. Kd4 Rxc4+ 40. Kxc4 Kf6 41. Kd4 Re1 42. Rf2 Rg1 43. Ne4+ Kg6 44. Nxd6 Rd1+ 45. Kc3 1-0

[Event "CZE-chT1W 2425"]
[Site "Czech Republic"]
[Date "2025.02.16"]
[Round "8.2"]
[White "Eret, Matous"]
[Black "Paulus, Vaclav"]
[Result "1-0"]
[WhiteElo "2295"]
[BlackElo "2141"]
[PlyCount "63"]
[EventDate "2024.10.20"]
[EventType "team-tourn"]
[EventRounds "11"]
[EventCountry "CZE"]
[SourceTitle "CB16_2025"]
[SourceDate "2025.04.16"]
[SourceVersion "1"]
[SourceVersionDate "2025.04.16"]
[SourceQuality "1"]
[WhiteTeam "Pankrac"]
[BlackTeam "Neratovice"]
[WhiteTeamCountry "CZE"]
[BlackTeamCountry "CZE"]

1. c4 Nf6 2. Nf3 e6 3. b3 b6 4. Bb2 Bb7 5. g3 d5 6. Bg2 d4 7. 0-0 c5 8. e3 d3 9. Ne5 Bxg2 10. Kxg2 Na6 11. Qf3 Rc8 12. Qb7 Nc7 13. Nc6 Qd7 14. Nxa7 Ra8 15. Be5 Rxa7 16. Qxa7 Qc6+ 17. f3 Na8 18. Na3 Nd7 19. Nb5 f6 20. Bc3 Be7 21. Qxa8+ Qxa8 22. Nc7+ Kf7 23. Nxa8 Rxa8 24. a4 Bd8 25. e4 Bc7 26. f4 Rd8 27. Rf3 Nb8 28. a5 Ke7 29. axb6 Bxb6 30. Ba5 Rd6 31. Bxb6 Rxb6 32. Ra7+ 1-0

[Event "CZE-chT1W 2425"]
[Site "Czech Republic"]
[Date "2025.01.19"]
[Round "6.2"]
[White "Eret, Matous"]
[Black "Vykouk, Jan"]
[Result "1/2-1/2"]
[WhiteElo "2295"]
[BlackElo "2480"]
[PlyCount "126"]
[EventDate "2024.10.20"]
[EventType "team-tourn"]
[EventRounds "11"]
[EventCountry "CZE"]
[SourceTitle "CB16_2025"]
[SourceDate "2025.04.16"]
[SourceVersion "1"]
[SourceVersionDate "2025.04.16"]
[SourceQuality "1"]
[WhiteTeam "Pankrac"]
[BlackTeam "Lysa nad Labem II"]
[WhiteTeamCountry "CZE"]
[BlackTeamCountry "CZE"]

1. c4 Nf6 2. Nf3 e6 3. g3 d5 4. Bg2 Be7 5. 0-0 0-0 6. b3 d4 7. Bb2 c5 8. b4 Qb6 9. b5 a6 10. a4 Qc7 11. d3 e5 12. Nbd2 h6 13. e4 Be6 14. Nb3 Nbd7 15. Nh4 axb5 16. axb5 Rxa1 17. Qxa1 Nb6 18. Qc1 Ra8 19. h3 Qc8 20. Kh2 Ra2 21. Qc2 g5 22. Nf3 g4 23. hxg4 Nxg4+ 24. Kg1 Na4 25. Rb1 Qa8 26. Nc1 Rxb2 27. Rxb2 Nxb2 28. Qxb2 Qa4 29. Nb3 Qb4 30. Qa2 Qc3 31. Bf1 b6 32. Nbd2 Kg7 33. Qa7 Bg5 34. Qa2 Qc1 35. Nxg5 hxg5 36. Nf3 f6 37. Qd2 Qb1 38. Kg2 Kg6 39. Be2 Nh6 40. Nh2 g4 41. Qd1 Qxd1 42. Bxd1 f5 43. f3 Kg5 44. Be2 gxf3+ 45. Bxf3 Nf7 46. Nf1 fxe4 47. Bxe4 Nd6 48. Nd2 Bg4 49. Kf2 Kf6 50. Kg2 Kg7 51. Kf2 Kf6 52. Kg2 Kf7 53. Bd5+ Ke7 54. Ne4 Nf5 55. Nf2 Be2 56. Be4 Kf6 57. g4 Nd6 58. Bd5 Ke7 59. Kg3 e4 60. Nxe4 Bxd3 61. Nd2 Ne8 62. Kf4 Nf6 63. Bf3 Nd7 1/2-1/2

[Event "Prague Summer op"]
[Site "Prague"]
[Date "2024.08.07"]
[Round "7"]
[White "Eret, Matous"]
[Black "Zvolensky, David"]
[Result "1-0"]
[WhiteElo "2316"]
[BlackElo "2167"]
[PlyCount "87"]
[EventDate "2024.08.02"]
[EventType "swiss"]
[EventRounds "9"]
[EventCountry "CZE"]
[SourceTitle "CBM 221 Extra"]
[Source "ChessBase"]
[SourceDate "2024.09.30"]
[SourceVersion "1"]
[SourceVersionDate "2024.09.30"]
[SourceQuality "1"]

1. a3 e5 2. c4 Nf6 3. e3 Nc6 4. b4 a5 5. b5 Ne7 6. Bb2 Ng6 7. d4 exd4 8. Bxd4 d5 9. Nf3 c5 10. Bb2 Be6 11. Nbd2 Be7 12. Qc2 0-0 13. h4 Ng4 14. h5 Nh4 15. h6 Nxh6 16. cxd5 Nxf3+ 17. gxf3 Qxd5 18. Bc4 Qd7 19. 0-0-0 Bxc4 20. Qxc4 Qe6 21. Rdg1 Nf5 22. Qc3 f6 23. Rh5 c4 24. Kb1 Rfd8 25. Qxc4 Qxc4 26. Nxc4 Rac8 27. Nb6 Rc5 28. a4 Nxe3 29. Rh4 Rd1+ 30. Rxd1 Nxd1 31. Bd4 Nc3+ 32. Bxc3 Rxc3 33. Nd5 Rb3+ 34. Kc2 Rxf3 35. Nxe7+ Kf7 36. Nc8 Rxf2+ 37. Kd3 Kg6 38. Nd6 h5 39. Nxb7 Kg5 40. Rh1 h4 41. Nc5 Kg4 42. Rb1 Rf5 43. Kd4 Rh5 44. b6 1-0

[Event "Prague Summer op"]
[Site "Prague"]
[Date "2024.08.06"]
[Round "6"]
[White "Ptacnikova, Lenka"]
[Black "Eret, Matous"]
[Result "0-1"]
[WhiteElo "2086"]
[BlackElo "2316"]
[PlyCount "92"]
[EventDate "2024.08.02"]
[EventType "swiss"]
[EventRounds "9"]
[EventCountry "CZE"]
[SourceTitle "CBM 221 Extra"]
[Source "ChessBase"]
[SourceDate "2024.09.30"]
[SourceVersion "1"]
[SourceVersionDate "2024.09.30"]
[SourceQuality "1"]

1. c4 e5 2. g3 Nf6 3. Bg2 d6 4. Nc3 Be7 5. d4 Nbd7 6. Nf3 0-0 7. 0-0 c6 8. e4 a6 9. d5 cxd5 10. cxd5 b5 11. Nd2 Nb6 12. h3 g6 13. Nb3 b4 14. Ne2 a5 15. Bh6 Re8 16. Rc1 Ba6 17. Na1 Nc4 18. b3 Nb2 19. Qd2 Nd3 20. Rcd1 Rc8 21. Be3 Nc5 22. f3 Nh5 23. Kh2 f5 24. g4 fxg4 25. hxg4 Nf4 26. Nxf4 exf4 27. Bxf4 Bxf1 28. Bxf1 Bf6 29. Nc2 Rf8 30. Kg2 Qe7 31. Qe2 Be5 32. Bxe5 Qxe5 33. Nd4 h5 34. gxh5 gxh5 35. Nf5 Rce8 36. Nh4 Rf4 37. Kh3 Kh7 38. Ng2 Rf6 39. Re1 Rg8 40. f4 Qc3+ 41. Qe3 Rfg6 42. Qxc3 bxc3 43. e5 Rg3+ 44. Kh2 Nd3 45. Bxd3+ Rxd3 46. Ne3 c2 0-1

[Event "Prague Summer op"]
[Site "Prague"]
[Date "2024.08.05"]
[Round "5"]
[White "Eret, Matous"]
[Black "Kuhn, Ulf"]
[Result "1/2-1/2"]
[WhiteElo "2316"]
[BlackElo "2082"]
[PlyCount "129"]
[EventDate "2024.08.02"]
[EventType "swiss"]
[EventRounds "9"]
[EventCountry "CZE"]
[SourceTitle "CBM 221 Extra"]
[Source "ChessBase"]
[SourceDate "2024.09.30"]
[SourceVersion "1"]
[SourceVersionDate "2024.09.30"]
[SourceQuality "1"]

1. a3 c5 2. Nf3 Nc6 3. c4 g6 4. g3 Bg7 5. Bg2 e5 6. Nc3 Nge7 7. d3 0-0 8. Bd2 d6 9. Rb1 h6 10. b4 Rb8 11. 0-0 Be6 12. Ne1 cxb4 13. axb4 d5 14. b5 d4 15. Ne4 Na5 16. Nc5 Bc8 17. Qa4 b6 18. Bxa5 bxa5 19. Nb3 a6 20. bxa6 Bxa6 21. Nc2 Bb7 22. Qxa5 Qc8 23. Bxb7 Qxb7 24. Nd2 Qd7 25. Rxb8 Rxb8 26. Rb1 Rc8 27. Ne4 f5 28. Nc5 Qc6 29. Na6 e4 30. Rb6 Qa8 31. Ncb4 exd3 32. exd3 f4 33. Re6 Qf3 34. Qa1 Nf5 35. Qf1 Rf8 36. Qe2 Qxe2 37. Rxe2 f3 38. Re1 Kf7 39. c5 Rc8 40. g4 Ne7 41. h4 Nc6 42. Re4 g5 43. Nd5 Ra8 44. Ndc7 Rc8 45. hxg5 hxg5 46. Re6 Ne5 47. Rd6 Nxd3 48. Rd7+ Kg6 49. Ne6 Be5 50. Nxd4 Nxc5 51. Nxc5 Rxc5 52. Nxf3 Bf4 53. Kg2 Ra5 54. Nd4 Kf6 55. Rb7 Rd5 56. Rb6+ Rd6 57. Rxd6+ Bxd6 58. Kf3 Bc5 59. Ke4 Ba7 60. Kd5 Bb6 61. f3 Bc7 62. Ne6 Bh2 63. Nc5 Bf4 64. Ne4+ Kf7 65. Nd6+ 1/2-1/2

[Event "Prague Summer op"]
[Site "Prague"]
[Date "2024.08.02"]
[Round "1"]
[White "Eret, Matous"]
[Black "Pavlicek, Petr"]
[Result "1-0"]
[WhiteElo "2316"]
[BlackElo "1915"]
[PlyCount "45"]
[EventDate "2024.08.02"]
[EventType "swiss"]
[EventRounds "9"]
[EventCountry "CZE"]
[SourceTitle "CBM 221 Extra"]
[Source "ChessBase"]
[SourceDate "2024.09.30"]
[SourceVersion "1"]
[SourceVersionDate "2024.09.30"]
[SourceQuality "1"]

1. c4 e6 2. b3 Be7 3. Bb2 Bf6 4. Nc3 Ne7 5. Nf3 d5 6. d4 0-0 7. e4 g6 8. h4 h6 9. h5 g5 10. e5 Bg7 11. Nxg5 hxg5 12. h6 Ng6 13. hxg7 Kxg7 14. Qd2 c6 15. g3 Rh8 16. Rxh8 Nxh8 17. Bd3 f6 18. 0-0-0 Nd7 19. Rh1 Nf8 20. f4 Nf7 21. fxg5 fxg5 22. Ba3 Ng6 23. Bxg6 1-0

[Event "Pardubice Czech op-E 34th"]
[Site "Pardubice"]
[Date "2023.07.16"]
[Round "7"]
[White "Eret, Matous"]
[Black "Kulon, Klaudia"]
[Result "1/2-1/2"]
[WhiteElo "2300"]
[BlackElo "2331"]
[PlyCount "39"]
[EventDate "2023.07.13"]
[EventType "team-swiss"]
[EventRounds "7"]
[EventCountry "CZE"]
[SourceTitle "CBM 215 Extra"]
[Source "ChessBase"]
[SourceDate "2023.09.30"]
[SourceVersion "1"]
[SourceVersionDate "2023.09.30"]
[SourceQuality "1"]
[WhiteTeam "Klatovy Sokol"]
[BlackTeam "Puzzle Rush"]
[WhiteTeamCountry "CZE"]
[BlackTeamCountry "CZE"]

1. a3 e5 2. c4 Nf6 3. e3 d5 4. cxd5 Nxd5 5. Nf3 Bd6 6. Qc2 0-0 7. h4 h6 8. Bc4 Ne7 9. Nc3 Bf5 10. Ne4 Qd7 11. d3 Nbc6 12. b4 b5 13. Bxb5 Nxb4 14. Qa4 Nc2+ 15. Qxc2 Qxb5 16. a4 Bb4+ 17. Bd2 Qa5 18. 0-0 Bxd2 19. Nfxd2 Rfd8 20. Rfc1 1/2-1/2

[Event "Pardubice Czech op-E 34th"]
[Site "Pardubice"]
[Date "2023.07.14"]
[Round "3"]
[White "Hurtik, Matej"]
[Black "Eret, Matous"]
[Result "0-1"]
[WhiteElo "2120"]
[BlackElo "2300"]
[PlyCount "44"]
[EventDate "2023.07.13"]
[EventType "team-swiss"]
[EventRounds "7"]
[EventCountry "CZE"]
[SourceTitle "CBM 215 Extra"]
[Source "ChessBase"]
[SourceDate "2023.09.30"]
[SourceVersion "1"]
[SourceVersionDate "2023.09.30"]
[SourceQuality "1"]
[WhiteTeam "Seladoni"]
[BlackTeam "Klatovy Sokol"]
[WhiteTeamCountry "CZE"]
[BlackTeamCountry "CZE"]

1. e4 c5 2. Nf3 e6 3. d4 cxd4 4. Nxd4 a6 5. Nc3 Qc7 6. a3 Nf6 7. Be3 d6 8. f4 Nbd7 9. Qf3 h5 10. h3 b5 11. Bd3 Bb7 12. 0-0 Be7 13. Rae1 Rc8 14. Qf2 h4 15. Ndxb5 axb5 16. Nxb5 Qd8 17. e5 dxe5 18. fxe5 Nxe5 19. Bb6 Nxd3 20. cxd3 Qxd3 21. Nc3 Rh6 22. Rd1 Qa6 0-1

[Event "CZE-chT2A 2223"]
[Site "Czech Republic"]
[Date "2022.12.04"]
[Round "4.2"]
[White "Zeman, Matyas"]
[Black "Eret, Matous"]
[Result "1/2-1/2"]
[WhiteElo "2309"]
[BlackElo "2258"]
[PlyCount "51"]
[EventDate "2022.10.16"]
[EventType "team-tourn"]
[EventRounds "11"]
[EventCountry "CZE"]
[SourceTitle "EXT 2024"]
[Source "ChessBase"]
[SourceDate "2023.10.10"]
[SourceVersion "1"]
[SourceVersionDate "2023.10.10"]
[SourceQuality "1"]
[WhiteTeam "Tabor"]
[BlackTeam "Klatovy"]
[WhiteTeamCountry "CZE"]
[BlackTeamCountry "CZE"]

1. Nf3 Nf6 2. g3 d6 3. d4 Nbd7 4. Bg2 e5 5. 0-0 Be7 6. Nc3 0-0 7. e4 c6 8. a4 a5 9. Re1 Re8 10. h3 Qc7 11. Be3 Bf8 12. Qd2 b6 13. Rad1 Ba6 14. Nh2 b5 15. axb5 cxb5 16. dxe5 dxe5 17. Nd5 Nxd5 18. exd5 Bd6 19. Nf3 b4 20. Ng5 Nf6 21. Rc1 Bc4 22. b3 Bb5 23. c4 bxc3 24. Rxc3 Qe7 25. Qc2 Bd7 26. Bc5 1/2-1/2

[Event "Klatovy op 28th"]
[Site "Klatovy"]
[Date "2022.07.09"]
[Round "8"]
[White "Jun, Rudolf Jr"]
[Black "Eret, Matous"]
[Result "1/2-1/2"]
[WhiteElo "2134"]
[BlackElo "2273"]
[PlyCount "37"]
[EventDate "2022.07.02"]
[EventType "swiss"]
[EventRounds "9"]
[EventCountry "CZE"]
[SourceTitle "EXT 2023"]
[Source "ChessBase"]
[SourceDate "2022.10.05"]
[SourceVersion "1"]
[SourceVersionDate "2022.10.05"]
[SourceQuality "1"]

1. e4 c5 2. Nf3 e6 3. c4 Nc6 4. Nc3 Nf6 5. Be2 e5 6. 0-0 Be7 7. d3 0-0 8. Nd5 h6 9. a3 d6 10. h3 Nxd5 11. cxd5 Nb8 12. b4 b6 13. bxc5 bxc5 14. Nh2 Nd7 15. Bg4 Rb8 16. Bf5 c4 17. dxc4 Nb6 18. Qg4 Bg5 19. Bxg5 1/2-1/2

[Event "Klatovy op 28th"]
[Site "Klatovy"]
[Date "2022.07.07"]
[Round "6"]
[White "Eret, Matous"]
[Black "Hurdzan, Tomas"]
[Result "1/2-1/2"]
[WhiteElo "2273"]
[BlackElo "2317"]
[PlyCount "93"]
[EventDate "2022.07.02"]
[EventType "swiss"]
[EventRounds "9"]
[EventCountry "CZE"]
[SourceTitle "EXT 2023"]
[Source "ChessBase"]
[SourceDate "2022.10.05"]
[SourceVersion "1"]
[SourceVersionDate "2022.10.05"]
[SourceQuality "1"]

1. e4 c5 2. Nf3 d6 3. d4 cxd4 4. Nxd4 Nf6 5. Nc3 Nc6 6. Be2 e5 7. Nb3 Be7 8. 0-0 0-0 9. f4 a5 10. a4 Nb4 11. Kh1 Be6 12. Be3 Rc8 13. Bf3 Re8 14. Rc1 Rxc3 15. bxc3 Na2 16. Ra1 Nxc3 17. Qe1 Nfxe4 18. Nxa5 Qc7 19. Bxe4 Nxe4 20. f5 Bc8 21. Qb4 d5 22. Qb5 Nd6 23. Qxd5 Nxf5 24. Bg1 Bf8 25. Nc4 g6 26. Ne3 Be6 27. Qe4 Nd6 28. Nd5 Bxd5 29. Qxd5 Qxc2 30. Bc5 Qc4 31. Rfd1 Qxd5 32. Rxd5 Ne4 33. Bxf8 Kxf8 34. Rb5 Nd6 35. Rb6 Ke7 36. Kg1 f5 37. a5 Rd8 38. Rd1 Ke6 39. Kf2 e4 40. g3 g5 41. Rc1 Rd7 42. Rc5 h6 43. Ke2 Ke7 44. Re5+ Kf7 45. Rd5 Ke6 46. Rc5 Ke7 47. Re5+ 1/2-1/2

[Event "Klatovy op 28th"]
[Site "Klatovy"]
[Date "2022.07.02"]
[Round "1"]
[White "Richter, Martin1"]
[Black "Eret, Matous"]
[Result "1/2-1/2"]
[WhiteElo "1929"]
[BlackElo "2273"]
[PlyCount "105"]
[EventDate "2022.07.02"]
[EventType "swiss"]
[EventRounds "9"]
[EventCountry "CZE"]
[SourceTitle "EXT 2023"]
[Source "ChessBase"]
[SourceDate "2022.10.05"]
[SourceVersion "1"]
[SourceVersionDate "2022.10.05"]
[SourceQuality "1"]

1. e4 c5 2. Nc3 a6 3. g3 g6 4. Bg2 Bg7 5. d3 Nc6 6. f4 d6 7. Nf3 e6 8. Be3 Nge7 9. 0-0 Nd4 10. Rb1 0-0 11. Ne2 Nxf3+ 12. Bxf3 Qa5 13. a3 d5 14. b4 cxb4 15. axb4 Qc7 16. e5 f6 17. exf6 Bxf6 18. Nd4 Bd7 19. Qd2 Nf5 20. Nxf5 gxf5 21. Qf2 Rac8 22. Rfc1 Bc3 23. Bc5 Rf7 24. Rb3 Bf6 25. Bd4 Ba4 26. Ra3 Bb5 27. Bxf6 Rxf6 28. Qd4 Rg6 29. c4 dxc4 30. dxc4 Bc6 31. Bxc6 Qxc6 32. Rd3 h5 33. Qd7 Rg7 34. Qxc6 Rxc6 35. c5 h4 36. Kf2 hxg3+ 37. hxg3 Rc8 38. Rcd1 Re7 39. Rd8+ Rxd8 40. Rxd8+ Kf7 41. Ke3 e5 42. fxe5 Rxe5+ 43. Kf4 Re4+ 44. Kxf5 Rxb4 45. Rd7+ Ke8 46. Rh7 a5 47. Ke6 Kf8 48. Kd6 a4 49. Rh8+ Kg7 50. Ra8 Kf6 51. Kc7 Ke7 52. c6 bxc6 53. Kxc6 1/2-1/2

[Event "CZE-chT2A 2122"]
[Site "Czech Republic"]
[Date "2022.02.27"]
[Round "9.2"]
[White "Trmal, Jaroslav"]
[Black "Eret, Matous"]
[Result "1/2-1/2"]
[WhiteElo "2106"]
[BlackElo "2265"]
[PlyCount "101"]
[EventDate "2021.10.17"]
[EventType "team-tourn"]
[EventRounds "11"]
[EventCountry "CZE"]
[SourceTitle "EXT 2025"]
[Source "ChessBase"]
[SourceDate "2024.10.14"]
[SourceVersion "1"]
[SourceVersionDate "2024.10.14"]
[SourceQuality "1"]
[WhiteTeam "Pribram Banik"]
[BlackTeam "Klatovy"]
[WhiteTeamCountry "CZE"]
[BlackTeamCountry "CZE"]

1. d4 Nf6 2. Nf3 d6 3. c4 Nbd7 4. Nc3 e5 5. e4 Be7 6. Be2 0-0 7. 0-0 c6 8. Rb1 a5 9. h3 Qc7 10. Be3 g6 11. Nh2 Ne8 12. f4 f5 13. exf5 gxf5 14. Qc2 Ng7 15. g4 Nf6 16. g5 Nfh5 17. Bxh5 Nxh5 18. Qf2 Be6 19. d5 Bf7 20. h4 b5 21. dxc6 Bxc4 22. Qf3 Nxf4 23. Bxf4 exf4 24. Rfe1 d5 25. Nxd5 Bc5+ 26. Kg2 Qf7 27. Nf6+ Kh8 28. b3 Be6 29. Qxf4 Be7 30. Qe5 Bxf6 31. Qxe6 Bc3 32. Qxf7 Rxf7 33. Re3 b4 34. Nf3 Rc8 35. Rd1 Rxc6 36. Re8+ Kg7 37. h5 Rf8 38. Rxf8 Kxf8 39. Rd5 Ra6 40. Rxf5+ Kg8 41. Rb5 a4 42. Rb8+ Kf7 43. Rb7+ Kg8 44. Kh3 axb3 45. axb3 Ra3 46. Kg4 Rxb3 47. h6 Ra3 48. g6 hxg6 49. Ng5 Ra8 50. Ne6 Bd2 51. Nf4 1/2-1/2

[Event "CZE-chT2A 2122"]
[Site "Czech Republic"]
[Date "2021.10.17"]
[Round "1.3"]
[White "Eret, Matous"]
[Black "Svatos, Jan"]
[Result "1-0"]
[WhiteElo "2265"]
[BlackElo "2166"]
[PlyCount "51"]
[EventDate "2021.10.17"]
[EventType "team-tourn"]
[EventRounds "11"]
[EventCountry "CZE"]
[SourceTitle "EXT 2025"]
[Source "ChessBase"]
[SourceDate "2024.10.14"]
[SourceVersion "1"]
[SourceVersionDate "2024.10.14"]
[SourceQuality "1"]
[WhiteTeam "Klatovy"]
[BlackTeam "Praha Vrsovice"]
[WhiteTeamCountry "CZE"]
[BlackTeamCountry "CZE"]

1. e4 d5 2. exd5 Nf6 3. Nc3 Nxd5 4. Bc4 Nb6 5. Bb3 c5 6. Qe2 Nc6 7. Nf3 Bf5 8. Ne5 e6 9. Nxc6 bxc6 10. d3 Be7 11. Be3 0-0 12. g4 Bg6 13. h4 Bxh4 14. Bxc5 Be7 15. Be3 Nd5 16. Ne4 Bb4+ 17. Nd2 a5 18. a4 Rb8 19. 0-0-0 Qe7 20. Nc4 Rfd8 21. f4 Nxe3 22. Qxe3 Bc5 23. d4 Bd6 24. Rdf1 f5 25. Nxa5 Qc7 26. Qxe6+ 1-0